| 000 | 00808nam a2200301Ia 4500 | ||
|---|---|---|---|
| 005 | 20250117103632.0 | ||
| 008 | 008 250103s9999 xx 000 0 eng d | ||
| 020 | _a9350781296 | ||
| 037 | _aTextual | ||
| 040 |
_aCSL _beng _cCSL |
||
| 041 |
_aeng _2eng |
||
| 084 |
_aI R3-;3 _qCSL |
||
| 100 |
_aSingh, V _9712683 |
||
| 245 | 0 |
_aText book of botany _cSingh, V; Pande, P C; Jain, D K |
|
| 250 | _a5th | ||
| 260 |
_aMeerut _bRastogi Publications _c2023 |
||
| 300 | _axvi, v.p. ill. | ||
| 650 |
_a Bryphyta _9734369 |
||
| 650 |
_a fungi _9427887 |
||
| 650 | _a Gymnosperms | ||
| 650 | _a Microbiology | ||
| 650 |
_a Pteridophyta _9734370 |
||
| 650 | _aBotany | ||
| 700 | _a Jain, D K | ||
| 700 |
_a Pande, P C _9349516 |
||
| 942 |
_cTEXL _hI R3-;3 |
||
| 999 |
_c1237937 _d1237937 |
||